000 00343nam a22001217a 4500
040 _cSK
082 _a636
100 _aសួស ចំណាន
245 _aAgriculture machinery management; ការគ្រប់គ្រងម៉ាស៊ីនកសិកម្ម
260 _aRUA
_bសួស
_c2008
300 _a57p.
942 _cKB
999 _c10095
_d10095